| 000 | 00722nam a2200181 4500 | ||
|---|---|---|---|
| 008 | 180105b xxu||||| |||| 00| 0 eng d | ||
| 020 | _a0534348971 | ||
| 082 |
_21998 _aDC 361.32 _bW86g |
||
| 100 |
_925562 _aWoodside, Marianne, author. |
||
| 245 |
_aGeneralist case management : _ba method of human service delivery / _cMarianne Woodside, Tricia McClam. |
||
| 260 |
_aPacific Grove, Calif. : _bBrooks/Cole Publishing, _c©1998. |
||
| 300 |
_axviii, 371 pages : _billustrations ; _c24 cm. |
||
| 500 | _aIncludes bibliographical references and index. | ||
| 650 | 0 |
_925563 _aSocial case work _zUnited States |
|
| 650 | 0 |
_925564 _aHuman services _xUnited States |
|
| 700 |
_925565 _aMcClam, Tricia, author. |
||
| 942 |
_2ddc _cDC |
||
| 999 |
_c8261 _d8261 |
||